[Event "Barcelona Sant Marti op-B 24th"]
[Site "Barcelona"]
[Date "2024.07.18"]
[Round "6"]
[White "Ayllon Barranco, Miguel"]
[Black "Villa Cardenas, Jorge"]
[Result "0-1"]
[WhiteElo "1643"]
[BlackElo "1724"]
[PlyCount "89"]
[EventDate "2024.07.13"]
[EventType "swiss"]
[EventRounds "9"]
[EventCountry "ESP"]
[SourceTitle "EXT 2025"]
[Source "ChessBase"]
[SourceDate "2024.10.14"]
[SourceVersion "1"]
[SourceVersionDate "2024.10.14"]
[SourceQuality "1"]

1. e4 e5 2. Nf3 d6 3. Be2 Nf6 4. d3 g6 5. c4 Bg7 6. Nc3 c6 7. h3 Nbd7 8. Bg5 Nc5 9. Rb1 a6 10. Qc2 Ne6 11. Be3 Bd7 12. b4 b5 13. c5 dxc5 14. Nxe5 cxb4 15. Rxb4 Rc8 16. Rb1 0-0 17. Nf3 Nh5 18. e5 Nhf4 19. 0-0 c5 20. Qd2 Nxe2+ 21. Nxe2 Bc6 22. Nh2 Bxe5 23. f4 Bd4 24. f5 Qd5 25. Nf3 Bxe3+ 26. Qxe3 Qxf5 27. Ne5 Qg5 28. Qxg5 Nxg5 29. Rf6 Ne6 30. Rbf1 Be8 31. Nc3 Rd8 32. Ne4 Rd5 33. Ng4 Rxd3 34. R6f2 f5 35. Nef6+ Kg7 36. Nxe8+ Rxe8 37. Ne5 Rd5 38. Nf3 Nd4 39. Nd2 Re2 40. Nf3 Rxf2 41. Rxf2 Nxf3+ 42. gxf3 c4 43. Rc2 Rd3 44. Kg2 c3 45. Kg3 0-1

[Event "Barcelona Sant Marti op-B 23rd"]
[Site "Barcelona"]
[Date "2023.07.21"]
[Round "9"]
[White "Ayllon Barranco, Miguel"]
[Black "Romero Funieles, Rafael de Jesus"]
[Result "1-0"]
[WhiteElo "1442"]
[BlackElo "1574"]
[PlyCount "79"]
[EventDate "2023.07.13"]
[EventType "swiss"]
[EventRounds "9"]
[EventCountry "ESP"]
[SourceTitle "CBM 215 Extra"]
[Source "ChessBase"]
[SourceDate "2023.09.30"]
[SourceVersion "1"]
[SourceVersionDate "2023.09.30"]
[SourceQuality "1"]

1. b3 e6 2. Bb2 Nf6 3. d4 d5 4. Nf3 a5 5. a4 Bd6 6. e3 h6 7. Be2 Nc6 8. Nbd2 Bd7 9. 0-0 Nh7 10. c4 Ng5 11. Re1 Bb4 12. Ba3 Ne4 13. Bxb4 axb4 14. Nxe4 dxe4 15. Nd2 0-0 16. Nxe4 f5 17. Nc5 Bc8 18. Bf3 Na5 19. Nd3 Qe7 20. Rc1 Rb8 21. c5 b6 22. Nxb4 bxc5 23. Rxc5 Rxb4 24. Rxa5 Bd7 25. Rc5 Qd6 26. Qc2 Rfb8 27. Rc3 Be8 28. Bc6 Bg6 29. Bb5 Rb7 30. Rc6 Qe7 31. Rc1 Kh7 32. Qc3 Bf7 33. Rc5 R4xb5 34. axb5 Qf8 35. Qa5 Be8 36. Qa8 Rb6 37. Qc8 c6 38. bxc6 Rxb3 39. c7 Qe7 40. Qd8 1-0

[Event "Barcelona Sant Marti op-B 21st"]
[Site "Barcelona"]
[Date "2019.07.19"]
[Round "7"]
[White "Ayllon Barranco, Miguel"]
[Black "Rovira Puig, Ricardo"]
[Result "1-0"]
[WhiteElo "1487"]
[BlackElo "1114"]
[PlyCount "93"]
[EventDate "2019.07.13"]
[EventType "swiss"]
[EventRounds "9"]
[EventCountry "ESP"]
[SourceTitle "EXT 2020"]
[Source "ChessBase"]
[SourceDate "2019.10.17"]
[SourceVersion "1"]
[SourceVersionDate "2019.10.17"]
[SourceQuality "1"]

1. b3 e5 2. Bb2 Nc6 3. e4 d5 4. exd5 Qxd5 5. Nc3 Qa5 6. Nf3 Bd6 7. Bc4 Be6 8. Bxe6 fxe6 9. Ng5 Nd4 10. 0-0 Nf6 11. Re1 0-0 12. Ne2 c5 13. Nxd4 cxd4 14. Nxe6 Rf7 15. Ng5 Rff8 16. Qe2 Rae8 17. Qc4+ Qd5 18. Qd3 g6 19. Re2 Nh5 20. g3 Rf6 21. Ne4 Rfe6 22. Qf3 Qb5 23. Rc1 Qd7 24. Rd1 Bf8 25. Ree1 b6 26. c3 Bg7 27. Qd3 Rf8 28. a4 Qf7 29. Qe2 Qe7 30. cxd4 Kh8 31. Ra1 Rc8 32. dxe5 Rc2 33. Ba3 Qc7 34. Bd6 Qd8 35. Rac1 Qc8 36. Qd1 Rxc1 37. Qxc1 Qxc1 38. Rxc1 h6 39. Rc8+ Kh7 40. Rc7 g5 41. Rxa7 Kg6 42. d4 Kf5 43. f3 Re8 44. g4+ Kf4 45. gxh5 Bh8 46. Kf2 g4 47. Rf7+ 1-0

[Event "Barcelona Sant Marti op-B 20th"]
[Site "Barcelona"]
[Date "2018.07.14"]
[Round "2"]
[White "Ayllon Barranco, Miguel"]
[Black "Minko, Aleksandr"]
[Result "1-0"]
[WhiteElo "1550"]
[BlackElo "1112"]
[PlyCount "61"]
[EventDate "2018.07.13"]
[EventType "swiss"]
[EventRounds "9"]
[EventCountry "ESP"]
[SourceTitle "EXT 2019"]
[Source "ChessBase"]
[SourceDate "2018.10.10"]
[SourceVersion "1"]
[SourceVersionDate "2018.10.10"]
[SourceQuality "1"]

1. b3 e5 2. Bb2 d6 3. e4 f5 4. d3 Nf6 5. Nf3 fxe4 6. dxe4 Nxe4 7. Bd3 Nc5 8. Bc4 Nc6 9. 0-0 Bg4 10. Be2 Qd7 11. c4 0-0-0 12. Nc3 g5 13. Nd5 Be7 14. a3 h5 15. b4 Ne6 16. b5 Ncd4 17. Nxd4 Nxd4 18. Bxg4 hxg4 19. Bxd4 exd4 20. Qxd4 Rh6 21. Qxa7 Qe8 22. Rfe1 Kd7 23. Qxb7 Rc8 24. Rxe7+ Qxe7 25. Nxe7 Rch8 26. Qc6+ Kxe7 27. Qxc7+ Ke6 28. Re1+ Kf6 29. Qxd6+ Kf5 30. Re5+ Kf4 31. Qd4# 1-0

[Event "Barcelona Vila de Gracia Seniors 55+ op"]
[Site "Barcelona"]
[Date "2018.03.05"]
[Round "1"]
[White "Ayllon Barranco, Miguel"]
[Black "Costa Trave, Jaume"]
[Result "1/2-1/2"]
[WhiteElo "1629"]
[BlackElo "1987"]
[PlyCount "43"]
[EventDate "2018.03.05"]
[EventType "swiss"]
[EventRounds "9"]
[EventCountry "ESP"]
[SourceTitle "EXT 2019"]
[Source "ChessBase"]
[SourceDate "2018.10.10"]
[SourceVersion "1"]
[SourceVersionDate "2018.10.10"]
[SourceQuality "1"]

1. b3 f6 2. e4 e5 3. Qh5+ g6 4. Qd1 c6 5. Bb2 d6 6. Nf3 Be6 7. c4 Nh6 8. Be2 Bg7 9. d4 0-0 10. Nc3 Nd7 11. Qd2 Qe7 12. Rc1 Rad8 13. d5 Bg4 14. dxc6 bxc6 15. Ba3 Nb6 16. Rd1 Nc8 17. 0-0 Nf7 18. Qc2 f5 19. h3 fxe4 20. Nxe4 Bf5 21. Bd3 Rfe8 22. Bc1 1/2-1/2

[Event "Barcelona Vila Gracia Seniors 55 op 4th"]
[Site "Barcelona"]
[Date "2017.03.06"]
[Round "1.9"]
[White "Ayllon Barranco, Miguel"]
[Black "Marchador Villalba, Jordi"]
[Result "0-1"]
[WhiteElo "1669"]
[BlackElo "1972"]
[PlyCount "48"]
[EventDate "2017.03.06"]
[EventType "swiss"]
[EventRounds "9"]
[EventCountry "ESP"]
[SourceTitle "EXT 2024"]
[Source "ChessBase"]
[SourceDate "2023.10.10"]
[SourceVersion "1"]
[SourceVersionDate "2023.10.10"]
[SourceQuality "1"]

1. b3 e5 2. Bb2 Nc6 3. e4 d6 4. Nf3 Bg4 5. Be2 Nf6 6. d3 Be7 7. Nc3 0-0 8. h3 Bxf3 9. Bxf3 Nd4 10. Na4 b5 11. Bxd4 exd4 12. e5 dxe5 13. Bxa8 Qxa8 14. 0-0 bxa4 15. bxa4 Qc6 16. f4 e4 17. dxe4 Nxe4 18. Qf3 f5 19. Rab1 Kh8 20. Rfd1 Qxa4 21. Qb3 Qc6 22. Qb7 Qxc2 23. Rdc1 Qf2+ 24. Kh2 Bd6 0-1

[Event "Catalunya Club op"]
[Site "Spain"]
[Date "1999.??.??"]
[Round "?"]
[White "Ayllon Barranco, Miguel"]
[Black "Gutierrez Segovia, Angel"]
[Result "1/2-1/2"]
[WhiteElo "1865"]
[BlackElo "1950"]
[PlyCount "29"]
[EventDate "1999.??.??"]
[EventType "swiss"]
[EventRounds "9"]
[EventCountry "ESP"]
[SourceTitle "EXT 2000"]
[Source "ChessBase"]
[SourceDate "1999.11.16"]
[SourceVersion "1"]
[SourceVersionDate "1999.11.16"]
[SourceQuality "1"]

1. b3 e5 2. Bb2 Nc6 3. e4 Nf6 4. Nc3 Bb4 5. Nf3 Bxc3 6. Bxc3 Nxe4 7. Bb2 d5 8. Qe2 Bf5 9. d3 Nd6 10. Nxe5 Qe7 11. Nxc6 Qxe2+ 12. Kxe2 bxc6 13. Bxg7 Rg8 14. Be5 0-0-0 15. g3 1/2-1/2